[Event "TUR-chT2"]
[Site "Konya"]
[Date "2018.07.14"]
[Round "7.16"]
[White "Eynalli, Mustafa"]
[Black "Kantar, Cihat Celaleddin"]
[Result "1-0"]
[WhiteElo "1641"]
[BlackElo "1496"]
[PlyCount "58"]
[EventDate "2018.07.10"]
[EventType "team-swiss"]
[EventRounds "9"]
[EventCountry "TUR"]
[SourceTitle "EXT 2019"]
[Source "ChessBase"]
[SourceDate "2018.10.10"]
[SourceVersion "1"]
[SourceVersionDate "2018.10.10"]
[SourceQuality "1"]
[WhiteTeam "Aydin Zeybek"]
[BlackTeam "Erdem Kultur Egitim"]
[WhiteTeamCountry "TUR"]
[BlackTeamCountry "TUR"]

1. e4 e6 2. Qe2 c5 3. g3 Nc6 4. Bg2 Be7 5. Nf3 d5 6. exd5 exd5 7. 0-0 Nf6 8. c3 0-0 9. d4 Re8 10. Be3 Bg4 11. Nbd2 cxd4 12. cxd4 Bb4 13. Qb5 Qd7 14. Qd3 Bf5 15. Qb3 a5 16. a3 a4 17. Qd1 Ba5 18. b4 Bc7 19. Rc1 Bd6 20. Nb1 Bxb1 21. Rxb1 Ne4 22. Rc1 Bf8 23. Re1 Nxb4 24. axb4 Bxb4 25. Ne5 Qb5 26. Bxe4 dxe4 27. Rb1 Qa5 28. Nc4 Qb5 29. Nd6 Qd5 1-0

[Event "TUR-chT2"]
[Site "Konya"]
[Date "2017.07.12"]
[Round "5.21"]
[White "Akyol, Sumeyye"]
[Black "Kantar, Cihat Celaleddin"]
[Result "1/2-1/2"]
[WhiteElo "1106"]
[BlackElo "1400"]
[PlyCount "54"]
[EventDate "2017.07.09"]
[EventType "team-swiss"]
[EventRounds "9"]
[EventCountry "TUR"]
[SourceTitle "CBM 179 Extra"]
[Source "ChessBase"]
[SourceDate "2017.08.23"]
[SourceVersion "1"]
[SourceVersionDate "2017.08.23"]
[SourceQuality "1"]
[WhiteTeam "Ataturk Univ"]
[BlackTeam "Karaman Idman Yurdu"]
[WhiteTeamCountry "TUR"]
[BlackTeamCountry "TUR"]

1. e4 e5 2. Nc3 Nc6 3. Nf3 Bc5 4. Bc4 Nf6 5. d3 h6 6. 0-0 0-0 7. Be3 Bb6 8. d4 exd4 9. Nxd4 Nxd4 10. Bxd4 Bxd4 11. Qxd4 d6 12. Rad1 Be6 13. f4 Ng4 14. Rf3 Bxc4 15. Qxc4 c6 16. Qd4 Nf6 17. Qxd6 Qb6+ 18. Kf1 Ng4 19. Ke2 Rad8 20. Qe7 Rxd1 21. Nxd1 Qa6+ 22. Rd3 Nf6 23. Kf3 Re8 24. Rd8 Rxd8 25. Qxd8+ Kh7 26. Qd3 Qxd3+ 27. cxd3 Nd7 1/2-1/2